Conscious sedation / (Record no. 4042)
[ view plain ]
| 000 -LEADER | |
|---|---|
| fixed length control field | 00698cam a22002174a 4500 |
| 001 - CONTROL NUMBER | |
| control field | 12139339 |
| 005 - DATE AND TIME OF LATEST TRANSACTION | |
| control field | 20250221130057.0 |
| 008 - FIXED-LENGTH DATA ELEMENTS--GENERAL INFORMATION | |
| fixed length control field | 000811s2001 paua b 001 0 eng c |
| 020 ## - INTERNATIONAL STANDARD BOOK NUMBER | |
| International Standard Book Number | 1560534133 (pbk. : alk. paper) |
| 050 00 - LIBRARY OF CONGRESS CALL NUMBER | |
| Classification number | RD85.C64 |
| Item number | C66 2001 |
| 082 00 - DEWEY DECIMAL CLASSIFICATION NUMBER | |
| Classification number | 617.9/6 |
| Edition information | 21 |
| 245 00 - TITLE STATEMENT | |
| Title | Conscious sedation / |
| Statement of responsibility, etc. | [edited by] Jeanine P. Wiener-Kronish, Michael A. Gropper. |
| 260 ## - PUBLICATION, DISTRIBUTION, ETC. | |
| Place of publication, distribution, etc. | Philadelphia : |
| Name of publisher, distributor, etc. | Hanley & Belfus, |
| Date of publication, distribution, etc. | c2001. |
| 300 ## - PHYSICAL DESCRIPTION | |
| Extent | x, 181 p. : |
| Other physical details | ill. ; |
| Dimensions | 23 cm. |
| 650 #0 - SUBJECT ADDED ENTRY--TOPICAL TERM | |
| Topical term or geographic name entry element | Conscious sedation. |
| 650 #0 - SUBJECT ADDED ENTRY--TOPICAL TERM | |
| Topical term or geographic name entry element | Intravenous anesthesia. |
| 650 12 - SUBJECT ADDED ENTRY--TOPICAL TERM | |
| Topical term or geographic name entry element | Conscious Sedation. |
| 700 1# - ADDED ENTRY--PERSONAL NAME | |
| Personal name | Wiener-Kronish, Jeanine P., |
| Dates associated with a name | 1951- |
| 700 1# - ADDED ENTRY--PERSONAL NAME | |
| Personal name | Gropper, Michael A., |
| Dates associated with a name | 1958- |
| 942 ## - ADDED ENTRY ELEMENTS (KOHA) | |
| Source of classification or shelving scheme | Library of Congress Classification |
| Koha item type | Books |
| Suppress in OPAC | No |
| 999 ## - | |
| -- | 4042 |
| -- | 4042 |
| Withdrawn status | Lost status | Source of classification or shelving scheme | Damaged status | Not for loan | Collection | Home library | Current library | Shelving location | Date acquired | Total checkouts | Full call number | Barcode | Date last seen | Copy number | Price effective from | Koha item type |
|---|---|---|---|---|---|---|---|---|---|---|---|---|---|---|---|---|
| Library of Congress Classification | Non-fiction | Science Library (Miotso) | Science Library (Miotso) | General stacks | 02/21/2025 | RD85 .C64C66 CON | SLM00003494 | 02/21/2025 | 1 | 02/21/2025 | Books | |||||
| Library of Congress Classification | Non-fiction | Science Library (Miotso) | Science Library (Miotso) | General stacks | 02/21/2025 | RD85 .C64C66 CON | SLM00003495 | 02/21/2025 | 2 | 02/21/2025 | Books |